00423pab a2200121 454500008004000000100002000040245013100060260000900191300001400200650002300214650001500237773004900252180718b2006 xxu||||| |||| 00| 0 eng d aPonceau, Helene aThe search for pluralism in the internal management of the French parliamentary assemblies: the specific role of the Quaestors c2006 ap.101-10. aFrance. Parliament aParliament aConstitutional and Parliamentary Information